[Event "16. Open Internacional de Gros"]
[Site "San Sebastián ESP"]
[Date "2006.09.21"]
[Round "1.1"]
[White "Paunovic, Dragan"]
[Black "Iglesias Gonzalez, Veronica"]
[Result "1-0"]
[WhiteElo "2506"]
[BlackElo "1728"]
[PlyCount "65"]
[EventDate "2006.09.21"]
[EventType "swiss"]
[EventRounds "9"]
[EventCountry "ESP"]
[Source "lmi"]
[SourceDate "2006.09.21"]

1. c4 e5 2. Nc3 Nc6 3. g3 Nf6 4. Bg2 Bb4 5. Nf3 O-O 6. O-O d5 7. cxd5 Nxd5 8.
Nxe5 Bxc3 9. Nxc6 bxc6 10. dxc3 Ba6 11. Qc2 Re8 12. c4 Ne7 13. b3 Rb8 14. Be3
Bc8 15. Rfd1 Bd7 16. Bxa7 Ra8 17. Bh3 f5 18. Bd4 Rf8 19. Qd2 Be6 20. Qc3 Qc8
21. Bxg7 Rf7 22. Bh6 Ng6 23. Bg2 Qe8 24. Rd2 f4 25. Rad1 fxg3 26. hxg3 Bd7 27.
Rxd7 Rxd7 28. Rxd7 Qe5 29. Qxe5 Nxe5 30. Rg7+ Kh8 31. Rxc7 Ng4 32. Bg7+ Kg8 33.
Bc3 1-0

[Event "XVI Open Internacional Gros Xa"]
[Site "Donostia - San Sebastin"]
[Date "2006.09.21"]
[Round "1.2"]
[White "Aizpurua Zubiria, Inaki"]
[Black "Kasparov, Sergey"]
[Result "0-1"]
[WhiteElo "1728"]
[BlackElo "2491"]
[PlyCount "55"]
[EventDate "2006.09.21"]
[EventRounds "9"]
[EventCountry "AUT"]

1. e4 b6 2. d4 Bb7 3. Bd3 e6 4. Nf3 c5 5. O-O Nf6 6. e5 Nd5 7. Qe2 Be7 8. Rd1
O-O 9. dxc5 bxc5 10. Qe4 g6 11. c4 f5 12. exf6 Bxf6 13. cxd5 Bxd5 14. Qg4 Bb7
15. Nc3 Bg7 16. Ne4 Qc7 17. Be3 c4 18. Rac1 Bd5 19. Bxc4 Bxc4 20. Rxc4 Nc6 21.
Neg5 Rae8 22. Nxh7 Kxh7 23. Ng5+ Kg8 24. Qh4 Rf5 25. Qh7+ Kf8 26. Qxg6 Qd8 27.
Bc5+ Ne7 28. Rg4 0-1

[Event "XVI Open Internacional Gros Xa"]
[Site "Donostia - San Sebastin"]
[Date "2006.09.21"]
[Round "1.3"]
[White "Meijers Vi, Sturs"]
[Black "Izagirre Alsua, Aritz"]
[Result "1-0"]
[WhiteElo "2474"]
[BlackElo "1720"]
[PlyCount "74"]
[EventDate "2006.09.21"]
[EventRounds "9"]
[EventCountry "AUT"]

1. e4 c5 2. Nf3 d6 3. Nc3 Nc6 4. d3 g6 5. Bd2 Bg7 6. Be2 e6 7. O-O Nge7 8. Qc1
h6 9. a3 Rb8 10. Rb1 a5 11. Ne1 b5 12. Bg4 Nd4 13. Ne2 h5 14. Nxd4 hxg4 15. Ne2
d5 16. exd5 Qxd5 17. f3 Qh5 18. Bf4 e5 19. Bg3 Nf5 20. fxg4 Nxg3 21. Nxg3 Qxh2+
22. Kf2 Bxg4 23. Rh1 Qxh1 24. Nxh1 Bh6 25. Nf3 Bxc1 26. Rxc1 Bxf3 27. Kxf3 f5
28. Re1 Kf7 29. g3 Kf6 30. Rf1 c4 31. Ke2 cxd3+ 32. cxd3 b4 33. Rc1 Rhc8 34.
Rc4 bxa3 35. bxa3 Rb2+ 36. Kd1 Rxc4 37. dxc4 Rg2 1-0

[Event "XVI Open Internacional Gros Xa"]
[Site "Donostia - San Sebastin"]
[Date "2006.09.21"]
[Round "1.5"]
[White "Argandona Rivero, Inigo"]
[Black "Veras Sanz, Jose Antonio"]
[Result "1-0"]
[WhiteElo "2366"]
[BlackElo "1663"]
[PlyCount "52"]
[EventDate "2006.09.21"]
[EventRounds "9"]
[EventCountry "AUT"]

1. d4 d6 2. c4 e5 3. d5 f5 4. Nc3 Nf6 5. Bg5 Be7 6. Nf3 Na6 7. Bxf6 Bxf6 8. e4
Nc5 9. Qc2 g6 10. b4 Nxe4 11. Nxe4 fxe4 12. Qxe4 O-O 13. Be2 Bf5 14. Qe3 c5 15.
dxc6 bxc6 16. c5 e4 17. Nd4 dxc5 18. Bc4+ Kh8 19. Nxc6 Qb6 20. Rd1 Qxc6 21. Bd5
Qb5 22. Bxa8 cxb4 23. Qe2 Bc3+ 24. Kf1 Qxe2+ 25. Kxe2 Rxa8 26. Rb1 Be6 1-0

[Event "16. Open Internacional de Gros"]
[Site "San Sebastián ESP"]
[Date "2006.09.21"]
[Round "1.7"]
[White "Aabling-Thomsen, Jakob"]
[Black "Estevez Pegenaute, Eduardo"]
[Result "1-0"]
[WhiteElo "2271"]
[BlackElo "1401"]
[PlyCount "37"]
[EventDate "2006.09.21"]
[EventType "swiss"]
[EventRounds "9"]
[EventCountry "ESP"]
[Source "lmi"]
[SourceDate "2006.09.21"]

1. e4 e5 2. Nf3 Nc6 3. Bb5 a6 4. Bxc6 dxc6 5. O-O f6 6. d4 exd4 7. Nxd4 Bd6 8.
Nc3 Bd7 9. Nf5 Bxf5 10. exf5 Qd7 11. Re1+ Ne7 12. Qh5+ Kd8 13. Re6 g6 14. Qh4
g5 15. Qh6 Be5 16. Rxf6 Bxf6 17. Qxf6 Re8 18. Bxg5 Qxf5 19. Qxf5 1-0

[Event "XVI Open Internacional Gros Xa"]
[Site "Donostia - San Sebastin"]
[Date "2006.09.21"]
[Round "1.8"]
[White "Aabling-Thomsen, Jakob"]
[Black "Estevez Pegenaute, Eduardo"]
[Result "1-0"]
[WhiteElo "2271"]
[BlackElo "1401"]
[PlyCount "42"]
[EventDate "2006.09.21"]
[EventRounds "9"]
[EventCountry "AUT"]

1. d4 d5 2. c4 e6 3. Nc3 c5 4. cxd5 cxd4 5. Qxd4 Nc6 6. Qd1 exd5 7. e3 Nf6 8.
Nf3 Bd6 9. Bd3 O-O 10. h3 Qe7 11. O-O a6 12. a3 Bc7 13. b4 Ne5 14. Nd4 Nxd3 15.
Qxd3 Qe5 16. Nf3 Qh5 17. h4 Bg4 18. e4 Bxf3 19. Qxf3 Qxh4 20. g3 dxe4 21. Qd1
Bxg3 1-0

[Event "16. Open Internacional de Gros"]
[Site "San Sebastián ESP"]
[Date "2006.09.22"]
[Round "2.1"]
[White "Osa Astrain, Ricardo"]
[Black "Paunovic, Dragan"]
[Result "0-1"]
[WhiteElo "2020"]
[BlackElo "2506"]
[PlyCount "66"]
[EventDate "2006.09.21"]
[EventType "swiss"]
[EventRounds "9"]
[EventCountry "ESP"]
[Source "lmi"]
[SourceDate "2006.09.21"]

1. e4 c5 2. Nf3 e6 3. c3 d5 4. exd5 exd5 5. d4 Nc6 6. Bb5 Bd6 7. O-O Nge7 8.
Bg5 O-O 9. dxc5 Bxc5 10. Bd3 f6 11. Be3 Bxe3 12. fxe3 Qb6 13. Qc2 Qxe3+ 14. Kh1
Qh6 15. Nbd2 Be6 16. b4 Bf7 17. Nb3 Rfc8 18. a3 Ne5 19. Nbd4 Bg6 20. Bxg6 Qxg6
21. Qxg6 N7xg6 22. Nb5 Nxf3 23. Rxf3 Ne5 24. Rg3 a6 25. Nd4 g6 26. h4 Rc4 27.
Rf1 Nc6 28. Rf4 Nxd4 29. cxd4 Kf7 30. Re3 Rac8 31. Kg1 R8c6 32. Kf2 Re6 33. Re5
Rxe5 0-1

[Event "16. Open Internacional de Gros"]
[Site "San Sebastián ESP"]
[Date "2006.09.22"]
[Round "2.3"]
[White "Tung, Siu Hung"]
[Black "Meijers Vi, Sturs"]
[Result "0-1"]
[WhiteElo "2002"]
[BlackElo "2474"]
[PlyCount "76"]
[EventDate "2006.09.21"]
[EventType "swiss"]
[EventRounds "9"]
[EventCountry "ESP"]
[Source "lmi"]
[SourceDate "2006.09.21"]

1. e4 c5 2. c3 d5 3. exd5 Qxd5 4. d4 e6 5. Nf3 Nf6 6. Be2 Nc6 7. O-O cxd4 8.
cxd4 Be7 9. Nc3 Qd6 10. h3 O-O 11. Be3 Rd8 12. Qb3 a6 13. Rfd1 b5 14. Rac1 Bb7
15. Ne5 Nxe5 16. dxe5 Qxe5 17. Bf1 Nd5 18. Bd4 Qh5 19. Ne2 h6 20. Qg3 Qg5 21.
Qf3 Rd7 22. Ng3 Rad8 23. Qb3 Qh4 24. Be5 Qg5 25. Bd4 e5 26. Bc5 Bxc5 27. Rxc5
Nf4 28. Rxd7 Rxd7 29. Qc3 Nd5 30. Qe1 h5 31. Ne4 Qg6 32. Ng3 f6 33. Qd1 h4 34.
Bd3 Nf4 35. Qb3+ Qf7 36. Bc2 hxg3 37. fxg3 Ne2+ 38. Kf2 Nd4 0-1

[Event "16. Open Internacional de Gros"]
[Site "San Sebastián ESP"]
[Date "2006.09.22"]
[Round "2.4"]
[White "Rizouk, Aimen"]
[Black "Galarza Cenzano, Inigo"]
[Result "1-0"]
[WhiteElo "2447"]
[BlackElo "1992"]
[PlyCount "73"]
[EventDate "2006.09.21"]
[EventType "swiss"]
[EventRounds "9"]
[EventCountry "ESP"]
[Source "lmi"]
[SourceDate "2006.09.21"]

1. e4 e5 2. Bc4 Nf6 3. d3 Bc5 4. Nf3 Nc6 5. c3 Qe7 6. O-O d6 7. Bb3 a6 8. Re1
O-O 9. h3 Ba7 10. Nbd2 Nd8 11. Nf1 Ne6 12. Ng3 g6 13. d4 Nf4 14. Be3 Be6 15.
Bc2 Bd7 16. Qd2 N6h5 17. Nxh5 Nxh5 18. Rad1 Rfd8 19. dxe5 dxe5 20. Bxa7 Rxa7
21. Qd5 Nf6 22. Qxe5 Qxe5 23. Nxe5 Raa8 24. Nxd7 Nxd7 25. e5 Nc5 26. f4 Ne6 27.
g3 h5 28. h4 Ng7 29. Kf2 Kf8 30. Rxd8+ Rxd8 31. Rd1 Rxd1 32. Bxd1 Ne6 33. Ke3
Ke7 34. f5 gxf5 35. Bxh5 f6 36. Bg6 Nf8 37. Bxf5 1-0

[Event "16. Open Internacional de Gros"]
[Site "San Sebastián ESP"]
[Date "2006.09.22"]
[Round "2.5"]
[White "Lakunza Plazaola, Asier"]
[Black "Argandona Rivero, Inigo"]
[Result "0-1"]
[WhiteElo "1922"]
[BlackElo "2366"]
[PlyCount "60"]
[EventDate "2006.09.21"]
[EventType "swiss"]
[EventRounds "9"]
[EventCountry "ESP"]
[Source "lmi"]
[SourceDate "2006.09.21"]

1. e4 c5 2. Nc3 g6 3. g3 Bg7 4. Bg2 Nc6 5. f4 e6 6. Nf3 Nge7 7. O-O d5 8. d3 b6
9. Qe1 Bb7 10. Kh1 Qd7 11. Rf2 O-O 12. Ne2 Rae8 13. g4 dxe4 14. dxe4 f5 15.
gxf5 exf5 16. e5 Nd8 17. Bd2 Ne6 18. Rd1 Qc8 19. Nc3 Qa8 20. Nb5 Nd5 21. Nd6
Ndxf4 22. Bxf4 Nxf4 23. Nxe8 Nxg2 24. Kxg2 Rxe8 25. Rd7 Bxe5 26. Qf1 Bd4 27.
Qc4+ Kh8 28. Qf7 Bxf3+ 29. Rxf3 Re2+ 30. Kg3 Be5+ 0-1

[Event "16. Open Internacional de Gros"]
[Site "San Sebastián ESP"]
[Date "2006.09.22"]
[Round "2.6"]
[White "Garcia Castro, Pablo"]
[Black "Zubia Aramburu, Mikel"]
[Result "1-0"]
[WhiteElo "2336"]
[BlackElo "1922"]
[PlyCount "33"]
[EventDate "2006.09.21"]
[EventType "swiss"]
[EventRounds "9"]
[EventCountry "ESP"]
[Source "lmi"]
[SourceDate "2006.09.21"]

1. Nf3 d5 2. d3 c5 3. Nbd2 Nf6 4. e4 dxe4 5. dxe4 Bg4 6. c3 Bxf3 7. Qxf3 e6 8.
Bb5+ Nfd7 9. O-O Qb6 10. a4 Nc6 11. Nc4 Qc7 12. Bf4 e5 13. Bg3 Be7 14. Rfd1 O-O
15. Bxc6 bxc6 16. Qf5 Rfd8 17. Bxe5 1-0

[Event "16. Open Internacional de Gros"]
[Site "San Sebastián ESP"]
[Date "2006.09.22"]
[Round "2.7"]
[White "Galarraga Lasa, Jon Gurutz"]
[Black "Aabling-Thomsen, Jakob"]
[Result "0-1"]
[WhiteElo "1844"]
[BlackElo "2271"]
[PlyCount "84"]
[EventDate "2006.09.21"]
[EventType "swiss"]
[EventRounds "9"]
[EventCountry "ESP"]
[Source "lmi"]
[SourceDate "2006.09.21"]

1. e4 g6 2. d4 Bg7 3. Nf3 d6 4. c4 e5 5. Nc3 Nc6 6. d5 Nce7 7. Be2 f5 8. Rb1
Nf6 9. Bd3 O-O 10. O-O f4 11. b4 h6 12. h3 g5 13. Nh2 h5 14. Be2 Qe8 15. f3 Qg6
16. Re1 Kh8 17. c5 Neg8 18. Nb5 Ne8 19. a4 Nh6 20. Ba3 Rg8 21. cxd6 cxd6 22.
Rc1 Qf7 23. Rc4 a6 24. Qc2 Bxh3 25. Nc7 Nxc7 26. Rxc7 Bd7 27. Rxb7 Qe8 28. b5
Bf8 29. Qc7 Rg7 30. Qb6 axb5 31. Bxd6 Kh7 32. Bxf8 Qxf8 33. Bxb5 Bxb5 34. Qxb5
g4 35. a5 Ra7 36. a6 Qc8 37. Rb1 Qc2 38. Rb2 Qd1+ 39. Nf1 gxf3 40. Rxa7 Rxa7
41. Qb6 Rg7 42. a7 Qa1 0-1

[Event "16. Open Internacional de Gros"]
[Site "San Sebastián ESP"]
[Date "2006.09.23"]
[Round "3.2"]
[White "Aabling-Thomsen, Jakob"]
[Black "Kasparov, Sergey"]
[Result "1/2-1/2"]
[WhiteElo "2271"]
[BlackElo "2491"]
[PlyCount "73"]
[EventDate "2006.09.21"]
[EventType "swiss"]
[EventRounds "9"]
[EventCountry "ESP"]
[Source "lmi"]
[SourceDate "2006.09.21"]

1. e4 c6 2. d4 d5 3. f3 e6 4. Nc3 Bb4 5. Bf4 Ne7 6. Qd3 b6 7. Nge2 Ba6 8. Qe3
Nd7 9. a3 Bxc3+ 10. Nxc3 Bxf1 11. Rxf1 O-O 12. O-O-O Re8 13. Bd6 a5 14. Rfe1
Nc8 15. Bg3 Ne7 16. Bh4 Nf8 17. Bxe7 Rxe7 18. exd5 cxd5 19. f4 Ng6 20. Qf2 Qd7
21. a4 Rc8 22. g4 Qd6 23. f5 Qf4+ 24. Qxf4 Nxf4 25. Rd2 Rce8 26. Rf2 Nh3 27.
Rfe2 Nf4 28. Rf2 Nh3 29. Rf3 Ng5 30. Rfe3 Kf8 31. h4 Ne4 32. Nxe4 dxe4 33. fxe6
Rxe6 34. c4 h5 35. g5 f5 36. gxf6 gxf6 37. Rf1 1/2-1/2

[Event "16. Open Internacional de Gros"]
[Site "San Sebastián ESP"]
[Date "2006.09.23"]
[Round "3.3"]
[White "Meijers Vi, Sturs"]
[Black "Pinilla Santibanez, Roberto"]
[Result "1-0"]
[WhiteElo "2474"]
[BlackElo "2114"]
[PlyCount "61"]
[EventDate "2006.09.21"]
[EventType "swiss"]
[EventRounds "9"]
[EventCountry "ESP"]
[Source "lmi"]
[SourceDate "2006.09.21"]

1. e4 e5 2. Nf3 Nc6 3. Bb5 a6 4. Bxc6 dxc6 5. O-O Qd6 6. d3 Bg4 7. Be3 O-O-O 8.
Nbd2 Qe6 9. Qb1 f5 10. exf5 Qxf5 11. b4 Nf6 12. a4 Nd5 13. b5 cxb5 14. axb5 Nc3
15. Qb2 Nxb5 16. c4 Nd4 17. Bxd4 exd4 18. Rfb1 Bxf3 19. Nxf3 b6 20. Rxa6 Bc5
21. Qb5 Kb7 22. Rba1 Ra8 23. Qa4 Rxa6 24. Qxa6+ Kc6 25. Qb5+ Kd6 26. Nxd4 Qe5
27. Qc6+ Ke7 28. Nc2 Rf8 29. d4 Qf4 30. Rf1 Rf6 31. Re1+ 1-0

[Event "16. Open Internacional de Gros"]
[Site "San Sebastián ESP"]
[Date "2006.09.23"]
[Round "3.4"]
[White "Argandona Rivero, Inigo"]
[Black "Tung, Kai Ming"]
[Result "1-0"]
[WhiteElo "2366"]
[BlackElo "2080"]
[PlyCount "101"]
[EventDate "2006.09.21"]
[EventType "swiss"]
[EventRounds "9"]
[EventCountry "ESP"]
[Source "lmi"]
[SourceDate "2006.09.21"]

1. d4 e6 2. c4 c5 3. d5 exd5 4. cxd5 d6 5. Nc3 g6 6. Bf4 Bg7 7. Qa4+ Bd7 8. Qb3
Qc7 9. Ne4 Be5 10. Bxe5 dxe5 11. Qxb7 Qxb7 12. Nd6+ Kf8 13. Nxb7 Nf6 14. Rd1
Na6 15. e3 Nb4 16. Nxc5 Nxa2 17. Nxd7+ Nxd7 18. Bb5 Nc5 19. Nf3 Rb8 20. Bc4
Rxb2 21. Nxe5 Nc3 22. Rc1 f6 23. O-O N5a4 24. Nc6 Kg7 25. Ra1 Nb6 26. Rxa7+ Kh6
27. Rb7 Nxc4 28. Rxb2 Nxb2 29. d6 Nd3 30. d7 Ne5 31. d8=Q Rxd8 32. Nxd8 g5 33.
Ra1 Kg6 34. Ne6 h5 35. Nd4 Ne4 36. f3 Nd6 37. Ra6 Ndc4 38. e4 h4 39. h3 Nd3 40.
Nf5 Nf4 41. Ne7+ Kf7 42. Nd5 Nh5 43. Ra7+ Kg6 44. Ne7+ Kh6 45. Ra6 Ne5 46. Nc6
Ng6 47. e5 fxe5 48. Nxe5 Nhf4 49. Nf7+ Kh5 50. Ra5 Ne6 51. Rf5 1-0

[Event "16. Open Internacional de Gros"]
[Site "San Sebastián ESP"]
[Date "2006.09.23"]
[Round "3.5"]
[White "Sanz Perez, Eduardo"]
[Black "Garcia Castro, Pablo"]
[Result "0-1"]
[WhiteElo "2182"]
[BlackElo "2336"]
[PlyCount "104"]
[EventDate "2006.09.21"]
[EventType "swiss"]
[EventRounds "9"]
[EventCountry "ESP"]
[Source "lmi"]
[SourceDate "2006.09.21"]

1. f4 Nf6 2. Nf3 g6 3. Nc3 d5 4. e3 Bg7 5. d4 O-O 6. Ne5 b6 7. g4 e6 8. g5 Nfd7
9. h4 c5 10. h5 Nxe5 11. dxe5 Re8 12. Qf3 Bb7 13. hxg6 hxg6 14. Nb5 Bc6 15. Nd6
Re7 16. Bd2 Rd7 17. O-O-O a6 18. Rh4 Rxd6 19. exd6 f5 20. Qh3 Nd7 21. Rh7 Nf8
22. Rxg7+ Kxg7 23. Bc3+ Kf7 24. Be5 Ra7 25. c4 b5 26. Qh8 Ke8 27. cxd5 Bxd5 28.
Qg8 Qd7 29. Rd2 Qh7 30. Qxh7 Rxh7 31. Kc2 Kd7 32. a4 Kc6 33. axb5+ axb5 34. Bg2
Nd7 35. Bxd5+ exd5 36. Kd3 c4+ 37. Kc2 Nc5 38. Re2 b4 39. Re1 Rh2+ 40. Kd1 Ne4
41. Re2 Rh3 42. Kc2 Rh1 43. b3 c3 44. Kd3 Rd1+ 45. Kc2 Ra1 46. Kd3 Nc5+ 47. Kc2
Ra3 48. Re1 Ra2+ 49. Kd1 Nxb3 50. Re2 Ra1+ 51. Kc2 Nc5 52. Bd4 Kxd6 0-1

[Event "16. Open Internacional de Gros"]
[Site "San Sebastián ESP"]
[Date "2006.09.23"]
[Round "3.6"]
[White "Torres, Patrice"]
[Black "Garcia Martinez, Enara"]
[Result "1-0"]
[WhiteElo "2040"]
[BlackElo "1748"]
[PlyCount "55"]
[EventDate "2006.09.21"]
[EventType "swiss"]
[EventRounds "9"]
[EventCountry "ESP"]
[Source "lmi"]
[SourceDate "2006.09.21"]

1. d4 d5 2. c4 c6 3. Nf3 Bf5 4. Nc3 Nf6 5. cxd5 cxd5 6. Qb3 Qd7 7. Ne5 Qc8 8.
e4 Bg6 9. Bb5+ Nfd7 10. Nxg6 hxg6 11. Nxd5 e6 12. Nc3 Be7 13. Bf4 Nc6 14. Rd1
a6 15. Be2 Bf6 16. e5 Bd8 17. O-O Ne7 18. Bf3 Ra7 19. d5 Nxd5 20. Nxd5 exd5 21.
Qxd5 Nc5 22. Rc1 Qf5 23. Bg3 b6 24. Rfd1 Bc7 25. Rxc5 bxc5 26. Qc6+ Ke7 27.
Qxc5+ Ke8 28. Bc6+ 1-0

[Event "16. Open Internacional de Gros"]
[Site "San Sebastián ESP"]
[Date "2006.09.23"]
[Round "3.7"]
[White "Mendikute Fierro, Claudio"]
[Black "Calderon Vallejo, Jonathan"]
[Result "1-0"]
[WhiteElo "2027"]
[BlackElo "2029"]
[PlyCount "113"]
[EventDate "2006.09.21"]
[EventType "swiss"]
[EventRounds "9"]
[EventCountry "ESP"]
[Source "lmi"]
[SourceDate "2006.09.21"]

1. e4 c6 2. d4 g6 3. Nc3 d5 4. e5 Bg7 5. f4 h5 6. Nf3 Bg4 7. Be2 e6 8. O-O Ne7
9. h3 Bxf3 10. Bxf3 h4 11. Ne2 Nf5 12. Bg4 Nd7 13. c3 Qb6 14. Qb3 a5 15. Qxb6
Nxb6 16. Bxf5 gxf5 17. b3 Kd7 18. Be3 Bf8 19. Kf2 a4 20. Ng1 Ba3 21. Rab1 Kc7
22. Nf3 Be7 23. Rb2 Nd7 24. c4 axb3 25. axb3 dxc4 26. bxc4 b6 27. Rd1 Ra5 28.
Rbd2 Bb4 29. Rc2 Kb7 30. Bd2 Bxd2 31. Rcxd2 Ra4 32. Rc2 f6 33. exf6 Nxf6 34.
Ng5 Rd8 35. Nxe6 Re8 36. Ng5 Nh5 37. Nf3 Nxf4 38. Nxh4 Ra3 39. d5 cxd5 40. cxd5
Nd3+ 41. Kg1 f4 42. Rcd2 Nc5 43. Nf5 Rg8 44. Rf1 f3 45. g4 f2+ 46. Kg2 Rh8 47.
Ng3 Re8 48. Rfxf2 Ree3 49. Rf7+ Kc8 50. Nf5 Rxh3 51. d6 Rhd3 52. Re2 Kd8 53. g5
Ra4 54. Ng7 Rg4+ 55. Kh2 Ne4 56. Ne6+ Ke8 57. Re7# 1-0

[Event "16. Open Internacional de Gros"]
[Site "San Sebastián ESP"]
[Date "2006.09.23"]
[Round "3.12"]
[White "Galarza Cenzano, Inigo"]
[Black "Boo Aldanondo, Alex"]
[Result "1-0"]
[WhiteElo "1992"]
[BlackElo "1703"]
[PlyCount "75"]
[EventDate "2006.09.21"]
[EventType "swiss"]
[EventRounds "9"]
[EventCountry "ESP"]
[Source "lmi"]
[SourceDate "2006.09.21"]

1. e4 e5 2. Nf3 d6 3. d4 exd4 4. Nxd4 Nf6 5. Nc3 Be7 6. Bc4 O-O 7. O-O a6 8. a4
Bd7 9. f4 Nc6 10. Nf3 Bg4 11. h3 Bh5 12. g4 Nxg4 13. hxg4 Bxg4 14. Be2 f5 15.
Nd4 Bxe2 16. Nxc6 Bxd1 17. Nxd8 Bxc2 18. Ne6 Rf6 19. exf5 Bxf5 20. Nxc7 Rg6+
21. Kf2 Rc8 22. N3d5 Bd8 23. Ne3 Bh3 24. Rh1 Bd7 25. Ncd5 Bc6 26. Rh5 Re6 27.
b3 g6 28. Rh3 Bxd5 29. Nxd5 Rc2+ 30. Kf1 Ree2 31. Be3 Ba5 32. b4 Bxb4 33. Nxb4
Rb2 34. Nd5 Rbc2 35. Rb1 Ra2 36. Rxb7 Rec2 37. Nf6+ Kf8 38. Nxh7+ 1-0

[Event "16. Open Internacional de Gros"]
[Site "San Sebastián ESP"]
[Date "2006.09.24"]
[Round "4.1"]
[White "Argandona Rivero, Inigo"]
[Black "Paunovic, Dragan"]
[Result "1/2-1/2"]
[WhiteElo "2366"]
[BlackElo "2506"]
[PlyCount "43"]
[EventDate "2006.09.21"]
[EventType "swiss"]
[EventRounds "9"]
[EventCountry "ESP"]
[Source "lmi"]
[SourceDate "2006.09.21"]

1. d4 Nf6 2. Nc3 d5 3. Bg5 Nbd7 4. Qd2 c6 5. f3 h6 6. Bh4 e6 7. e3 Be7 8. Nge2
b5 9. Bxf6 Nxf6 10. Nf4 O-O 11. Nd3 a5 12. Be2 Nd7 13. O-O Nb6 14. b3 Ba6 15.
a3 b4 16. axb4 Bxd3 17. Qxd3 axb4 18. Rxa8 Qxa8 19. Na4 Nxa4 20. Ra1 Nb2 21.
Rxa8 Nxd3 22. Rxf8+ 1/2-1/2

[Event "16. Open Internacional de Gros"]
[Site "San Sebastián ESP"]
[Date "2006.09.24"]
[Round "4.2"]
[White "Garcia Castro, Pablo"]
[Black "Meijers Vi, Sturs"]
[Result "0-1"]
[WhiteElo "2336"]
[BlackElo "2474"]
[PlyCount "75"]
[EventDate "2006.09.21"]
[EventType "swiss"]
[EventRounds "9"]
[EventCountry "ESP"]
[Source "lmi"]
[SourceDate "2006.09.21"]

1. Nf3 Nf6 2. g3 b6 3. Bg2 Bb7 4. O-O e6 5. d3 c5 6. Nbd2 Be7 7. c3 Qc7 8. e4
d5 9. Re1 Nc6 10. a3 b5 11. exd5 Nxd5 12. Ne4 O-O 13. Qb3 Qb6 14. Bg5 Bxg5 15.
Nfxg5 h6 16. Nf3 Rfd8 17. Rad1 Nde7 18. Qc2 a5 19. Qe2 Rd5 20. Nh4 Rad8 21. f4
b4 22. Nf2 R5d7 23. Qh5 Na7 24. Bh3 Nac8 25. c4 Nd6 26. g4 bxa3 27. bxa3 Qc7
28. Re5 Ne8 29. g5 hxg5 30. Qxg5 Nf5 31. Bxf5 exf5 32. Rde1 Nd6 33. Re7 Rxe7
34. Rxe7 Qc8 35. Re3 Re8 36. Qg3 Qc7 37. h3 Rxe3 38. Qxe3 0-1

[Event "16. Open Internacional de Gros"]
[Site "San Sebastián ESP"]
[Date "2006.09.24"]
[Round "4.3"]
[White "Kasparov, Sergey"]
[Black "Torres, Patrice"]
[Result "1-0"]
[WhiteElo "2491"]
[BlackElo "2040"]
[PlyCount "49"]
[EventDate "2006.09.21"]
[EventType "swiss"]
[EventRounds "9"]
[EventCountry "ESP"]
[Source "lmi"]
[SourceDate "2006.09.21"]

1. e4 e6 2. d4 d5 3. Nd2 Nf6 4. e5 Nfd7 5. Bd3 c5 6. c3 Nc6 7. Ne2 f6 8. exf6
Nxf6 9. Nf3 cxd4 10. cxd4 Bd6 11. O-O O-O 12. Bf4 Bxf4 13. Nxf4 Ne4 14. Ne2
Rxf3 15. gxf3 Ng5 16. Kh1 e5 17. dxe5 Nxe5 18. Ng1 Qf6 19. Be2 Bd7 20. Qxd5+
Kh8 21. Rfd1 Bc6 22. Qd6 Ne6 23. Rac1 Rd8 24. Qxe6 Qxe6 25. Rxd8+ 1-0

[Event "16. Open Internacional de Gros"]
[Site "San Sebastián ESP"]
[Date "2006.09.24"]
[Round "4.8"]
[White "Pinilla Santibanez, Roberto"]
[Black "Lazkano Gaite, Tomas"]
[Result "1-0"]
[WhiteElo "2114"]
[BlackElo "1738"]
[PlyCount "35"]
[EventDate "2006.09.21"]
[EventType "swiss"]
[EventRounds "9"]
[EventCountry "ESP"]
[Source "lmi"]
[SourceDate "2006.09.21"]

1. c4 e6 2. Nc3 Nf6 3. d4 d5 4. e3 c5 5. Nf3 cxd4 6. exd4 Nc6 7. Bd3 Be7 8. O-O
O-O 9. Bg5 dxc4 10. Bxc4 Re8 11. Bb3 Nb4 12. Qe2 Nfd5 13. Bxe7 Nxe7 14. Rfe1 a6
15. Rad1 Nbd5 16. Qe4 h6 17. Nxd5 Nxd5 18. Bxd5 1-0

[Event "16. Open Internacional de Gros"]
[Site "San Sebastián ESP"]
[Date "2006.09.24"]
[Round "4.9"]
[White "Tung, Kai Ming"]
[Black "Garcia Nestar, Daniel"]
[Result "1-0"]
[WhiteElo "2080"]
[BlackElo "1470"]
[PlyCount "97"]
[EventDate "2006.09.21"]
[EventType "swiss"]
[EventRounds "9"]
[EventCountry "ESP"]
[Source "lmi"]
[SourceDate "2006.09.21"]

1. e4 c6 2. d4 d5 3. exd5 cxd5 4. c4 dxc4 5. Bxc4 e6 6. Nf3 Bb4+ 7. Nc3 Nc6 8.
O-O Nge7 9. a3 Ba5 10. Bg5 h6 11. Bh4 O-O 12. b4 Bc7 13. Rc1 Bf4 14. Rc2 Qc7
15. Ne2 Nf5 16. b5 Nxh4 17. Nxh4 Ne7 18. Bxe6 Qd6 19. Bxc8 Rfxc8 20. Nf3 Nd5
21. a4 Qb4 22. Nxf4 Nxf4 23. Qd2 Qxd2 24. Rxd2 Rc3 25. Ra1 Rac8 26. h3 Nxh3+
27. Kh2 Nf4 28. d5 Rd3 29. Rad1 Rxd2 30. Rxd2 Rd8 31. d6 Ng6 32. Kg3 f6 33. Kg4
Kf7 34. Kf5 b6 35. g3 Rd7 36. Rd4 Nf8 37. Rd1 Ne6 38. Ke4 Nc5+ 39. Kd5 Nb7 40.
Kc6 Nc5 41. a5 Ke6 42. axb6 axb6 43. Re1+ Kf7 44. Kxb6 Nd3 45. Rd1 Nxf2 46. Rf1
Ne4 47. Ne5+ Ke6 48. Nxd7 Kxd7 49. Ka7 1-0

[Event "16. Open Internacional de Gros"]
[Site "San Sebastián ESP"]
[Date "2006.09.24"]
[Round "4.10"]
[White "Espin Laborde, Jesus M"]
[Black "Hernandez Lopez, Daniel"]
[Result "1/2-1/2"]
[WhiteElo "1800"]
[BlackElo "2002"]
[PlyCount "108"]
[EventDate "2006.09.21"]
[EventType "swiss"]
[EventRounds "9"]
[EventCountry "ESP"]
[Source "lmi"]
[SourceDate "2006.09.21"]

1. e4 c5 2. Nf3 Nc6 3. d4 cxd4 4. Nxd4 Nf6 5. Nc3 e5 6. Ndb5 d6 7. Bg5 a6 8.
Na3 b5 9. Bxf6 gxf6 10. Nd5 f5 11. Bd3 Be6 12. O-O Bg7 13. c3 O-O 14. Nc2 fxe4
15. Bxe4 f5 16. Nf6+ Rxf6 17. Bxc6 Rb8 18. Bd5 Bxd5 19. Qxd5+ Kh8 20. Nb4 Rh6
21. Qf3 Qg5 22. Nd5 e4 23. Qe3 Qh5 24. h3 Be5 25. f4 exf3 26. Qxf3 Qh4 27. Ne3
Rg8 28. Nxf5 Qxh3 29. Nxh6 Qh2+ 30. Kf2 Qxh6 31. Ke2 Qg6 32. Kd1 b4 33. g4 Bg7
34. Qf5 Qxf5 35. gxf5 bxc3 36. bxc3 Bxc3 37. Rb1 a5 38. Rb7 Rf8 39. Rh1 Rxf5
40. Rhxh7+ Kg8 41. Rhd7 Bb4 42. Rd8+ Rf8 43. Rxf8+ Kxf8 44. Kc2 Ke8 45. Kb3 Bd2
46. a4 Kd8 47. Kc4 Kc8 48. Rf7 Kb8 49. Kd5 Bb4 50. Kc6 Bd2 51. Kxd6 Be1 52. Kc6
Bd2 53. Rd7 Be1 54. Rf7 Bd2 1/2-1/2